Netherlands Eredivisie Football Teams 2021-22 - Soccer - Statistics

General Stats
  • This quiz has been taken 120 times
  • The average score is 10 of 18
Answer Stats
TEAM % Correct
AJAX
99%
PSV
97%
FEYENOORD
92%
TWENTE
71%
UTRECHT
70%
GRONINGEN
68%
VITESSE
63%
SPARTA
60%
ALKMAAR
59%
HEERENVEEN
57%
HERACLES
51%
WILLEM II
51%
FORTUNA SITTARD
40%
ZWOLLE
39%
VVV
34%
FC EMMEN
32%
DEN HAAG
27%
WAALWIJK
18%
No matching quizzes found
Score Distribution
Percent of People with Each Score
Percentile by Number Answered
Your Score History
You have not taken this quiz